Combining the legal and the social in sociology of law (Record no. 4944)

MARC details
000 -CABECERA
campo de control de longitud fija 02508cam a2200373 i 4500
001 - NÚMERO DE CONTROL
campo de control 22874322
005 - FECHA Y HORA DE LA ÚLTIMA TRANSACCIÓN
campo de control 20250915131451.0
008 - DATOS DE LONGITUD FIJA--INFORMACIÓN GENERAL
campo de control de longitud fija 221121s2023 enka b 001 0 eng d
010 ## - NÚMERO DE CONTROL DE LA BIBLIOTECA DEL CONGRESO
Número de control de LC 2022950477
015 ## - NÚMERO DE BIBLIOGRAFÍA NACIONAL
Número de bibliografía nacional GBC2L8816
Fuente bnb
020 ## - NÚMERO INTERNACIONAL ESTÁNDAR DEL LIBRO
Número Internacional Estándar del Libro 9781509959389
Información calificativa hardback
035 ## - NÚMERO DE CONTROL DEL SISTEMA
Número de control de sistema 22874322
035 ## - NÚMERO DE CONTROL DEL SISTEMA
Número de control de sistema (OCoLC)1355089714
040 ## - FUENTE DE LA CATALOGACIÓN
Centro catalogador/agencia de origen UKMGB
Lengua de catalogación eng
Normas de descripción rda
Centro/agencia transcriptor UKMGB
Centro/agencia modificador BDX
-- OCLCF
-- YDX
-- DLC
042 ## - CÓDIGO DE AUTENTICACIÓN
Código de autenticación lccopycat
050 00 - SIGNATURA TOPOGRÁFICA DE LA BIBLIOTECA DEL CONGRESO
Número de clasificación K370
Número de documento/Ítem .C66 2023
245 00 - MENCIÓN DE TÍTULO
Título Combining the legal and the social in sociology of law
Resto del título : an homage to Reza Banakar
Mención de responsabilidad, etc. / edited by Håkan Hydén, Roger Cotterrell, David Nelken, Ulrike Schultz.
264 #1 - PRODUCCIÓN, PUBLICACIÓN, DISTRIBUCIÓN, FABRICACIÓN Y COPYRIGHT
Producción, publicación, distribución, fabricación y copyright Oxford :
Nombre del de productor, editor, distribuidor, fabricante Hart Publishing,
Fecha de producción, publicación, distribución, fabricación o copyright 2023.
300 ## - DESCRIPCIÓN FÍSICA
Extensión xvii, 476 pages :
Otras características físicas illustrations (black & white) ;
Dimensiones 24 cm.
490 1# - MENCIÓN DE SERIE
Mención de serie Oñati international series in law and society
500 ## - NOTA GENERAL
Nota general Open access version available.
504 ## - NOTA DE BIBLIOGRAFÍA, ETC.
Nota de bibliografía, etc. Includes bibliographical references and index.
520 ## - SUMARIO, ETC.
Sumario, etc. This chapter will follow in Reza Banakar’s footsteps by investigating legal pluralism in a globalized world. It takes the transnational legal pluralistic reality surrounding corporations as its point of departure and examines how two corporations accused of misconduct manoeuvre around the legal pluralistic terrain to their advantage, and at the same time attempt to define which laws should be applicable within the field of corporate regulation. The examples are taken from two Swedish companies that have been the focus of various legal battles for suspected misconduct: the Telia Company (previously TeliaSonera) and Lundin Energy (previously Lundin Oil and Lundin Petroleum). In the analysis, I utilize Bourdieu’s analytical tool of ‘field’ and of struggles between social agents that possess various forms of capital (Bourdieu, 1993), to understand how the two multinational companies make strategic use of different and competing legal regulations.
650 #0 - PUNTO DE ACCESO ADICIONAL DE MATERIA--TÉRMINO DE MATERIA
Término de materia o nombre geográfico como elemento de entrada Sociological jurisprudence
9 (RLIN) 7852
700 1# - ENTRADA AGREGADA--NOMBRE PERSONAL
Nombre de persona Hydén, Håkan,
Término indicativo de función/relación editor.
700 1# - ENTRADA AGREGADA--NOMBRE PERSONAL
Nombre de persona Cotterrell, Roger
Forma completa/desarrollada del nombre (Roger B. M.),
Término indicativo de función/relación editor.
URI de un objeto del mundo real https://isni.org/isni/0000000108688354
700 1# - ENTRADA AGREGADA--NOMBRE PERSONAL
Nombre de persona Nelken, David,
Término indicativo de función/relación editor.
URI de un objeto del mundo real https://isni.org/isni/0000000375177479.
700 1# - ENTRADA AGREGADA--NOMBRE PERSONAL
Nombre de persona Schultz, Ulrike,
Término indicativo de función/relación editor.
830 #0 - PUNTO DE ACCESO ADICIONAL DE SERIE-TÍTULO UNIFORME
Título uniforme Oñati international series in law and society.
856 ## - LOCALIZACIÓN Y ACCESO ELECTRÓNICOS
Identificador Uniforme del Recurso <a href="https://directory.doabooks.org/handle/20.500.12854/98552">https://directory.doabooks.org/handle/20.500.12854/98552</a>
906 ## - ELEMENTOS DE DATOS F LOCAL, LDF (RLIN)
a 7
b cbc
c copycat
d 2
e epcn
f 20
g y-gencatlg
942 ## - ELEMENTOS DE ENTRADA AGREGADA (KOHA)
Fuente del sistema de clasificación o colocación Clasificación de Library of Congress
Holdings
Estado de retiro Estado de pérdida Fuente del sistema de clasificación o colocación Estado dañado No para préstamo Biblioteca de origen Biblioteca actual Fecha de adquisición Total de préstamos Fecha visto por última vez Identificador Uniforme del Recurso Precio válido a partir de Tipo de ítem Koha
    Clasificación de Library of Congress     TBS Barcelona TBS Barcelona 15/09/2025   15/09/2025 https://directory.doabooks.org/handle/20.500.12854/98552 15/09/2025 eBook

Powered by Koha